<?xml version="1.0" encoding="UTF-8"?><?xml-stylesheet type="text/xsl" href="static/style.xsl"?><OAI-PMH xmlns="http://www.openarchives.org/OAI/2.0/" xmlns:xsi="http://www.w3.org/2001/XMLSchema-instance" xsi:schemaLocation="http://www.openarchives.org/OAI/2.0/ http://www.openarchives.org/OAI/2.0/OAI-PMH.xsd"><responseDate>2026-06-02T21:19:54Z</responseDate><request verb="GetRecord" identifier="oai:riuma.uma.es:10630/37683" metadataPrefix="marc">https://riuma.uma.es/rest/oai/request</request><GetRecord><record><header><identifier>oai:riuma.uma.es:10630/37683</identifier><datestamp>2026-02-03T12:55:51Z</datestamp><setSpec>com_10630_22985</setSpec><setSpec>com_10630_3139</setSpec><setSpec>com_10630_10</setSpec><setSpec>col_10630_32095</setSpec></header><metadata><record xmlns="http://www.loc.gov/MARC21/slim" xmlns:dcterms="http://purl.org/dc/terms/" xmlns:doc="http://www.lyncode.com/xoai" xmlns:xsi="http://www.w3.org/2001/XMLSchema-instance" xsi:schemaLocation="http://www.loc.gov/MARC21/slim http://www.loc.gov/standards/marcxml/schema/MARC21slim.xsd">
   <leader>00925njm 22002777a 4500</leader>
   <datafield ind2=" " ind1=" " tag="042">
      <subfield code="a">dc</subfield>
   </datafield>
   <datafield ind2=" " ind1=" " tag="720">
      <subfield code="a">Gonçalves, Daniela</subfield>
      <subfield code="e">author</subfield>
   </datafield>
   <datafield ind2=" " ind1=" " tag="720">
      <subfield code="a">Quinta e Costa, Margarida</subfield>
      <subfield code="e">author</subfield>
   </datafield>
   <datafield ind2=" " ind1=" " tag="260">
      <subfield code="c">2024-06</subfield>
   </datafield>
   <datafield ind2=" " ind1=" " tag="520">
      <subfield code="a">A pertinência de um exercício pré-profissional baseado no entrelaçamento entre conhecimentos e competências ultrapassam o que tem sido ensinado em sala de aula e levanta grandes desafios à formação de professores e aos modos de desenvolvimento profissional em contexto de estágio.  Apresentar-se-á, neste âmbito, os dados de investigação oriundos da aplicação de um inquérito por questionário aos/às futuros/as docentes sobre avaliação pedagógica – um dos eixos de desenvolvimento profissional identificados por estagiários/as, orientadores cooperantes e equipa de supervisão – cuja oportunidade permitiu uma reflexão/ação no desenvolvimento da prática de ensino supervisionada nos cursos de mestrado de formação de professores. Os principais resultados indicam que os/as estudantes estagiários/as já utilizaram, na sua grande maioria, metodologias de avaliação que permitem avaliar a compreensão, competência importante para o século XXI e para o contexto atual, embora utilizem menos aquelas que permitem a reflexão.</subfield>
   </datafield>
   <datafield ind1="8" ind2=" " tag="024">
      <subfield code="a">Gonçalves, D., &amp; Quinta e Costa, M. (2024). Abordagens Educacionais na Formação de Professores para a avaliação pedagógica. Revista Prácticum, 9(1), 36–47. https://doi.org/10.24310/rep.9.1.2024.17851</subfield>
   </datafield>
   <datafield ind1="8" ind2=" " tag="024">
      <subfield code="a">https://hdl.handle.net/10630/37683</subfield>
   </datafield>
   <datafield ind1="8" ind2=" " tag="024">
      <subfield code="a">10.24310/rep.9.1.2024.17851</subfield>
   </datafield>
   <datafield tag="653" ind2=" " ind1=" ">
      <subfield code="a">Profesores - Formación profesional</subfield>
   </datafield>
   <datafield tag="653" ind2=" " ind1=" ">
      <subfield code="a">Pedagogía - Práctica</subfield>
   </datafield>
   <datafield ind2="0" ind1="0" tag="245">
      <subfield code="a">Abordagens Educacionais na Formação de Professores para a avaliação pedagógica.</subfield>
   </datafield>
</record>
</metadata></record></GetRecord></OAI-PMH>